000
00286nam a22001337a 4500
008
171023b xxu||||| |||| 00| 0 eng d
020
_a
9780787908270
041
_a
eng
080
_a
658
100
_a
54
101
_a
LID
245
_a
GRASSROOTS LEADERS
_c
HENTON,D
942
_2
udc
_c
BK
999
_c
35393
_d
35393